|
|
|
|
| LEADER |
00000nam2a2200000 4500 |
| 001 |
209305 |
| 005 |
20231031191720.0 |
| 035 |
|
|
|a (RuTPU)RU\TPU\book\228628
|
| 035 |
|
|
|a RU\TPU\book\228286
|
| 090 |
|
|
|a 209305
|
| 100 |
|
|
|a 20120210d1964 k y0rusy50 ca
|
| 101 |
0 |
|
|a rus
|
| 102 |
|
|
|a RU
|
| 105 |
|
|
|a y ad 001zy
|
| 200 |
0 |
|
|a Т. 1: Мурманская область. Период 1951-1955 гг. Вып. 1: Опубликованные работы
|f гл. ред. Д. В. Наливкин
|
| 210 |
|
|
|d 1964
|
| 215 |
|
|
|a 76 с.
|
| 320 |
|
|
|a Указатели: с. 69-73.
|
| 461 |
|
1 |
|0 (RuTPU)RU\TPU\book\58444
|t Геологическая изученность СССР
|o [обзорные главы, рефераты, аннотации и библиографические справки]
|f Академия Наук СССР, Комиссия по геологической изученности СССР
|v Т. 1: Мурманская область. Период 1951-1955 гг. Вып. 1: Опубликованные работы
|d 1961-1988
|
| 610 |
1 |
|
|a геология
|
| 610 |
1 |
|
|a геологическая изученность
|
| 610 |
1 |
|
|a СССР
|
| 610 |
1 |
|
|a геологические исследования
|
| 610 |
1 |
|
|a геологическое районирование
|
| 610 |
1 |
|
|a опубликованные источники
|
| 610 |
1 |
|
|a рефераты
|
| 610 |
1 |
|
|a библиографические пособия
|
| 675 |
|
|
|a 55(47+57)
|v 3
|
| 702 |
|
1 |
|a Наливкин
|b Д. В.
|g Дмитрий Васильевич
|4 651
|
| 801 |
|
1 |
|a RU
|b 63413507
|c 20120208
|
| 801 |
|
2 |
|a RU
|b 63413507
|c 20120410
|g RCR
|
| 942 |
|
|
|c BK
|